| 000 | 00349nam a2200133Ia 4500 | ||
|---|---|---|---|
| 008 | 240624s9999 xx 000 0 und d | ||
| 041 | _aeng | ||
| 082 | _a428 BAT | ||
| 100 | _aBATTISTELLA EDWIN L | ||
| 245 | _aDO YOU MAKE THESE MISTAKES IN ENGLISH TH | ||
| 260 |
_c2009 _aNew York _bOxford |
||
| 300 | _ax, : 214 : p. : cm. ; 22 | ||
| 365 |
_cGBP _b28 |
||
| 999 |
_c22021 _d22021 |
||